What is Sufism? / (Record no. 32934)
[ view plain ]
| 000 -LEADER | |
|---|---|
| fixed length control field | 00703nam a22002652i 4500 |
| 001 - CONTROL NUMBER | |
| control field | 32934 |
| 003 - CONTROL NUMBER IDENTIFIER | |
| rucl marc code | BD-RjUL |
| 005 - DATE AND TIME OF LATEST TRANSACTION | |
| control field | 20211209051922.0 |
| 008 - FIXED-LENGTH DATA ELEMENTS--GENERAL INFORMATION | |
| fixed length control field | 160720s1975 enk 001 0 eng d |
| 020 ## - INTERNATIONAL STANDARD BOOK NUMBER | |
| International Standard Book Number | 0042970318 (hbk) |
| International Standard Book Number | 0042970326 (hbk) |
| 035 ## - SYSTEM CONTROL NUMBER | |
| System control number | (BD-RjUL)33024 |
| 040 ## - CATALOGING SOURCE | |
| Original cataloging agency | HDC |
| Transcribing agency | HDC |
| Modifying agency | OCL |
| -- | EQO |
| -- | BD-RjUL |
| Language of cataloging | eng |
| 041 ## - LANGUAGE CODE | |
| Language code of text/sound track or separate title | eng |
| 082 00 - DEWEY DECIMAL CLASSIFICATION NUMBER | |
| Classification number | 297.4 |
| Author mark and year | LIW 1975 |
| 090 ## - LOCALLY ASSIGNED LC-TYPE CALL NUMBER (OCLC); LOCAL CALL NUMBER (OCLC) | |
| Classification number (OCLC) (R) ; Classification number, CALL (RLIN) (NR) | BP189.L756 |
| Local cutter number (OCLC) ; Book number/undivided call number, CALL (RLIN) | W5 1975x |
| 100 1# - MAIN ENTRY--PERSONAL NAME | |
| Personal name | Lings, Martin. |
| 9 (RLIN) | 99880 |
| 245 10 - TITLE STATEMENT | |
| Title | What is Sufism? / |
| Statement of responsibility, etc. | Martin Lings |
| 260 ## - PUBLICATION, DISTRIBUTION, ETC. (IMPRINT) | |
| Place of publication, distribution, etc. | London : |
| Name of publisher, distributor, etc. | George Allen & Unwin, |
| Date of publication, distribution, etc. | 1975 |
| 300 ## - PHYSICAL DESCRIPTION | |
| Pagination | 133 p. ; |
| Size | 23 cm |
| 504 ## - BIBLIOGRAPHY, ETC. NOTE | |
| Bibliography, etc | Include index |
| 650 #0 - SUBJECT ADDED ENTRY--TOPICAL TERM | |
| Topical term or geographic name as entry element | Sufism |
| 9 (RLIN) | 100109 |
| 942 ## - ADDED ENTRY ELEMENTS (KOHA) | |
| Source of classification or shelving scheme | Dewey Decimal Classification |
| Koha item type | Books |
| Lost status | Source of classification or shelving scheme | Damaged status | Not for loan | Collection code | Permanent Location | Current Location | Shelving location | Date acquired | Source of acquisition | Cost, normal purchase price | Total Checkouts | Full call number | Date last seen | Copy number | Koha item type | Total Renewals | Date checked out |
|---|---|---|---|---|---|---|---|---|---|---|---|---|---|---|---|---|---|
| Dewey Decimal Classification | Non-fiction | Central Library, University of Rajshahi | Central Library, University of Rajshahi | 24/04/1985 | Tulip | 90.00 | 297.4 LIW 1975 | 29/04/2014 | C-9 | Books | |||||||
| Dewey Decimal Classification | Non-fiction | Central Library, University of Rajshahi | Central Library, University of Rajshahi | 24/04/1985 | Tulip Enterprise, Dhaka. | 90.00 | 297.4 LIW 1975 | 29/04/2014 | C-6 | Books | |||||||
| Dewey Decimal Classification | Non-fiction | Central Library, University of Rajshahi | Central Library, University of Rajshahi | 24/04/1985 | Tulip Enterprise, Dhaka. | 90.00 | 297.4 LIW 1975 | 29/04/2014 | C-7 | Books | |||||||
| Dewey Decimal Classification | Non-fiction | Central Library, University of Rajshahi | Central Library, University of Rajshahi | 24/04/1985 | Tulip Enterprise, Dhaka. | 90.00 | 297.4 LIW 1975 | 29/04/2014 | C-10 | Books | |||||||
| Dewey Decimal Classification | Central Library, University of Rajshahi | Central Library, University of Rajshahi | 22/01/1985 | Tulip | 90.00 | 1 | 297.4 LIW 1975 | 09/12/2018 | C-3 | Books | 1 | 04/05/2017 | |||||
| Dewey Decimal Classification | Central Library, University of Rajshahi | Central Library, University of Rajshahi | 22/01/1985 | Tulip | 90.00 | 297.4 LIW 1975 | 29/04/2014 | C-5 | Books | ||||||||
| Dewey Decimal Classification | Central Library, University of Rajshahi | Central Library, University of Rajshahi | 22/01/1985 | Tulip | 90.00 | 297.4 LIW 1975 | 29/04/2014 | C-8 | Books | ||||||||
| Dewey Decimal Classification | Non-fiction | Central Library, University of Rajshahi | Central Library, University of Rajshahi | 22/01/1985 | Tulip | 90.00 | 297.4 LIW 1975 | 20/07/2016 | C-2 | Books | |||||||
| Dewey Decimal Classification | Not For Loan | Non-fiction | Central Library, University of Rajshahi | Central Library, University of Rajshahi | Reading Room | 12/08/1983 | 297.4 LIW 1975 | 05/12/2016 | C-1 | Books |